Представление документа в формате MARC21

Поле Инд. ПП Название Значение
Тип записи a
Библиографический уровень a
001 Контрольный номер RU/IS/BASE/262109789
005 Дата корректировки 20231228155215.6
084 a Индекс другой классификации/Индекс ББК 81.61-21
090 00 a Полочн. индекс 81я43
x Авторский знак П 781
100 10 a Автор Долгопольский А. Б.
245 00 a Заглавие Структура семито-хамитского корня в сравнительно-историческом освещении
650 04 a Основная рубрика филологические науки; языкознание
653 00 a Ключевые слова афразийские языки
a Ключевые слова берберский язык
a Ключевые слова двусогласный корень
a Ключевые слова египетский язык
a Ключевые слова корень
a Ключевые слова кушитский язык
a Ключевые слова морфология
a Ключевые слова семито-хамитские языки
a Ключевые слова чадский язык
a Ключевые слова частное языкознание
773 00 d Дата издания источника Москва, 1967
g Прочая информация С. 278-282
t Заглавие источника Проблемы языкознания
w Контрольный № источника RU/IS/BASE/102085341
901 t Тип документа a